UBT Library

The economics of war, (Record no. 43193)

000 -LEADER
fixed length control field 00584cam a22002171 4500
001 - CONTROL NUMBER
control field 9721882
005 - DATE AND TIME OF LATEST TRANSACTION
control field 20180222073546.0
008 - FIXED-LENGTH DATA ELEMENTS--GENERAL INFORMATION
fixed length control field 770823s1940 nyua b 000 0 eng
010 ## - LIBRARY OF CONGRESS CONTROL NUMBER
LC control number 40034133
035 ## - SYSTEM CONTROL NUMBER
System control number (OCoLC)3211359
040 ## - CATALOGING SOURCE
Original cataloging agency DLC
Transcribing agency OClU
Modifying agency OCoLC
-- DLC
041 ## - LANGUAGE CODE
Language code of text/sound track or separate title eng
080 ## - UNIVERSAL DECIMAL CLASSIFICATION NUMBER
Universal Decimal Classification number 330.19355 MEN
082 ## - DEWEY DECIMAL CLASSIFICATION NUMBER
Classification number 330.19355 MEN
100 1# - Rafti
Rafti 52
101 ## - Shkurtesa
Shkurtesa EKO
245 04 - TITLE STATEMENT
Title The economics of war,
Statement of responsibility, etc by Horst Mendershausen ...
504 ## - BIBLIOGRAPHY, ETC. NOTE
Bibliography, etc "Suggested references" at end of each chapter.
906 ## - LOCAL DATA ELEMENT F, LDF (RLIN)
a 7
b cbc
c oclcrpl
d u
e ncip
f 19
g y-gencatlg
942 ## - ADDED ENTRY ELEMENTS (KOHA)
Source of classification or shelving scheme
Item type Books
Holdings
Withdrawn status Lost status Source of classification or shelving scheme Damaged status Not for loan Collection code Permanent location Current location Shelving location Date acquired Total Checkouts Full call number Barcode Date last seen Price effective from Koha item type
          Koleksioni i përgjithshem UBT - Lipjan UBT - Lipjan Koleksioni i përgjithshem 02/22/2018   330.19355 MEN 002-2999896 02/22/2018 02/22/2018 Books
UBT Library © 2015-2024. All rights reserved University Education for Business and Technology